Chennai International Airport Destinations (Chennai, India) - Statistics

General Stats
  • This quiz has been taken 84 times
    43 since last reset
  • The average score is 37 of 67
Answer Stats
Airline Destination % Correct
Air Arabia Abu Dhabi/Akasa Air/Etihad Airways/IndiGo Abu Dhabi
97%
Air India/IndiGo Delhi
97%
Thai AirAsia/Thai Lion Air Bangkok (Don Mueang)
93%
IndiGo/Thai Airways International Bangkok (Suvarnabhumi)
93%
Air India/Emirates/IndiGo Dubai (International)
93%
British Airways London (Heathrow)
93%
Biman Bangladesh Airlines/IndiGo/US-Bangla Airlines Dhaka
90%
Air India/IndiGo/Scoot/Singapore Airlines Singapore
90%
IndiGo/Qatar Airways Doha
87%
AirAsia/Batik Air/IndiGo/Malaysia Airlines Kuala Lumpur (International)
87%
Air India/Akasa Air/IndiGo/SpiceJet Mumbai
87%
Air India/FitsAir/IndiGo/SriLankan Airlines Colombo (Bandaranaike)
83%
Lufthansa Frankfurt
83%
Alliance Air/IndiGo/SpiceJet Hyderabad
83%
Air India Express/IndiGo/SpiceJet Kolkata
83%
Ethiopian Airlines Addis Ababa
80%
IndiGo Ahmedabad
80%
Cathay Pacific Hong Kong
80%
Air India Express/IndiGo/Jazeera Airways/Kuwait Airways Kuwait City
80%
Air India Express/IndiGo/Oman Air/SalamAir Muscat
80%
Air India/Air India Express/Akasa Air/IndiGo Bengaluru
77%
Saudia Jeddah
77%
Gulf Air Bahrain
73%
Royal Brunei Airlines Bandar Seri Begawan
73%
IndiGo Lucknow
73%
Air Mauritius Mauritius
73%
Air India Express/IndiGo/SpiceJet Pune
73%
Myanmar Airways International Yangon
70%
Air India Express/IndiGo Jaipur
67%
Air India Express/IndiGo/SpiceJet Kochi
67%
Thai AirAsia Phuket
63%
Air India Express/IndiGo Surat
60%
IndiGo Goa (Dabolim)
57%
IndiGo Goa (Mopa)
57%
Air Arabia Sharjah
53%
Air India/IndiGo Coimbatore
50%
IndiGo Kozhikode
50%
IndiGo Chandigarh
47%
Air India Express Dammam
47%
Air India/IndiGo/SpiceJet Madurai
47%
IndiGo Varanasi
47%
Air India Express/IndiGo Bhubaneswar
43%
IndiGo Indore
43%
IndiGo Patna
43%
IndiGo Thiruvananthapuram
43%
IndiGo Ranchi
37%
IndiGo Visakhapatnam
37%
Air India Express/IndiGo Guwahati
33%
Air India Express/Akasa Air/IndiGo Port Blair
33%
Air India Express/IndiGo Tiruchirappalli
33%
IndiGo Mysore
30%
IndiGo Raipur
30%
Alliance Air/IndiGo Jaffna
27%
Air India Express Jammu
27%
IndiGo Kannur
27%
IndiGo Salem
27%
IndiGo Vijayawada
27%
IndiGo Rajahmundry
23%
IndiGo Penang
20%
IndiGo Siliguri
20%
IndiGo Durgapur
17%
Air India Express/IndiGo Ghaziabad
17%
Air India Express/IndiGo Mangaluru
17%
IndiGo/SpiceJet Shirdi
17%
IndiGo/SpiceJet Tuticorin
13%
IndiGo Kadapa
10%
SpiceJet Shimoga
10%
No matching quizzes found
Score Distribution
Percent of People with Each Score
Percentile by Number Answered
Your Score History
You have not taken this quiz since the last reset